000 00924cam a2200205 4500
001 WS111016
008 000000n 000 0 eng u
035 _a(Sirsi) u111016
110 _aSingapore Mediation Centre
_94041
245 _aSingapore Mediation Centre
520 _aSite for this organisation funded by the government of Singapore which is dedicated to promoting mediation and providing mediation services and training. Includes a list of the panel of mediators, details of the mediation procedure and frequently asked questions.
650 _aSINGAPORE
650 _aMEDIATION
650 _aINTERNATIONAL
650 _aORGANISATION
650 _aMANAGEMENT-DISPUTE AVOIDANCE, MANAGEMENT AND RESOLUTION-DISPUTE MANAGEMENT AND RESOLUTION-ARBITRATION
690 _aDISPUTE RESOLUTION
_96236
856 4 0 _uhttps://www.mediation.com.sg
_zView the website free of charge at www.mediation.com.sg...
942 _n0
999 _c119798
_d119798